LEADER 01098nam a2200253 i 4500 001 000000061614 003 CaOOAMICUS 005 20050915000000.0 008 050915s1968 fr u000 u fre u 013 $a32786 040 $aSeMil$bita 100 1 $aParmentier, Alix.$0(OLS)http://semarc/name/31302 245 13$aLa philosophie de Whitehead et le problème de Dieu /$cpar Alix Parmentier. 260 $aParis :$bBeauchesne,$cCopyr. 1968. 300 $a645 p. ;$c25 cm. 490 0 $aBibliothèque des archives de philosophie. N.s ;$v7 500 $aContiene : Bibliographie. 600 14$aWhitehead, Alfred North.$0(OLS)http://semarc/subject/12043 650 4$aDio - Filosofia.$0(OLS)http://semarc/subject/2018 830 0$aBibliothèque des archives de philosophie. N.s ;$v7.$0(OLS)http://semarc/title/9839 850 $aSeMil 852 $aSeMil$W1$xVenegono$y1$m2R III 289$j27767$B27767$CSeMilBibl$Z2$F27770 $81 996 $6245$aLa philosophie de Whitehead et le problème de Dieu$9(OLS)http://semarc/title/96855 996 $6260$aParis :$bBeauchesne$9(OLS)http://semarc/publisher/29638 LEADER 00716nam a2200193 i 4500 001 000000118546 003 CaOOAMICUS 005 20260313104232.0 008 031002s1977 it u000 u fre u 040 $aSeMil$bita 245 10$aTome premier: [A]. 300 $alij, A1-A260 p., [1] c. di tav. ripieg. 500 $aRilegato con : SL1.L VII 13/2 773 0 $tEncyclopèdie, ou Dictionnaire raisonné des sciences, des arts et des métiers.$w()10067 850 $aSeMil 852 $aSeMil$W1$xVenegono$y1$mSL1.L VII 13/1$j268426$B73846$CSeMilBibl$Z2$F76457 $8I 961 $aOmaggio: Martini Card. Carlo Maria 996 $6245$aTome premier: [A]$9(OLS)http://semarc/title/458628